Persistent pollutants : economics and policy
Αποθηκεύτηκε σε:
| Άλλοι συγγραφείς: | , |
|---|---|
| Μορφή: | Βιβλίο |
| Γλώσσα: | English |
| Δημοσίευση: |
Dordrecht :
Kluwer Academic,
c1991
|
| Σειρά: | Economy & environment
|
| Θέματα: | |
| Ετικέτες: |
Προσθήκη ετικέτας
Δεν υπάρχουν, Καταχωρήστε ετικέτα πρώτοι!
|
MARC
| LEADER | 00000nam a2200000 i 4500 | ||
|---|---|---|---|
| 001 | 1/66234 | ||
| 008 | 931019s eng d | ||
| 020 | |a 0-7923-1168-X | ||
| 035 | |a ΛΕΣΒΟΣb10001692 |l 10001692 | ||
| 040 | |a GR-MY-UA |b gre |e aacr | ||
| 041 | 0 | |a eng | |
| 082 | 0 | |a 363.738 | |
| 245 | 1 | 0 | |a Persistent pollutants : |b economics and policy / |c edited by J. B. Opschoor, D. W. Pearce |
| 260 | |a Dordrecht : |b Kluwer Academic, |c c1991 | ||
| 300 | |a 225 p. | ||
| 490 | 1 | |a Economy & environment |v ; 3 | |
| 504 | |a Includes index | ||
| 650 | 0 | 0 | |a Micropollutants |x Environmental aspects. |
| 700 | 1 | |a Opschoor, Johannes B. |q (Johannes Baptist) |d 1944- |4 edt | |
| 700 | 1 | |a Pearce, David W. |q (David William) |4 edt | |
| 830 | 0 | |a Economy & environment | |
| 852 | |a INST |b LESVOS |e 19931019 |h 363.738 PER |p 005100003927 |q 005100003927 |t BK |y 0 | ||
| 909 | |a Λ |b 027575 | ||